000 00445nam a2200169Ia 4500
008 240729s9999 xx 000 0 und d
022 _a1756-3305
245 0 _aParasites & Vectors
260 _aUnited Kingdom
260 _bBMC
650 _a Infectious and parasitic diseases
650 _a Internal medicine
650 _aMedicine
856 _uhttps://doaj.org/toc/9d4c6956471945559dabe54e6a5ef99a
942 _2ddc
942 _cDOAJEJ
999 _c74523
_d74523
945 _a1
_bMadushi Gamage
_c1
_dMadushi Gamage